Atlas de anatomía humana / (Record no. 109137)

MARC details
000 -LEADER
campo de control de longitud fija 00678nam a2200205 4500
001 - NÚMERO DE CONTROL
campo de control 109137
003 - IDENTIFICADOR DE NÚMERO DE CONTROL
campo de control ES-MaACL
005 - FECHA Y HORA DE LA ÚLTIMA TRANSACCIÓN
campo de control 20230906184801.0
007 - CAMPO FIJO DE DESCRIPCIÓN FÍSICA--INFORMACIÓN GENERAL
campo de control de longitud fija t|
008 - DATOS DE LONGITUD FIJA--INFORMACIÓN GENERAL
campo de control de longitud fija 061121s1960 sp r ||||1| spa d
080 ## - NÚMERO DE LA CLASIFICACIÓN DECIMAL UNIVERSAL
Número de la Clasificación Decimal Universal 611(084.4)
100 1# - ENTRADA PRINCIPAL--NOMBRE DE PERSONA
Nombre de persona Muedra, V.
9 (RLIN) 84027
245 10 - MENCIÓN DEL TÍTULO
Título Atlas de anatomía humana /
Mención de responsabilidad, etc. [texto], V. Muedra ; [dibujos, José Mª Llovet].
260 ## - PUBLICACIÓN, DISTRIBUCIÓN, ETC.
Lugar de publicación, distribución, etc. [Barcelona :
Nombre del editor, distribuidor, etc. Dalmau y Jover,
Fecha de publicación, distribución, etc. 1960]
300 ## - DESCRIPCIÓN FÍSICA
Extensión [86] p. :
Otras características físicas il. col. ;
Dimensiones 20 cm.
596 ## - NOTA AL PIE DE IMPRENTA
NOTA AL PIE DE IMPRENTA Ejemp. sin datos de publ.; datos completados con la ed. de 1960
650 #4 - PUNTO DE ACCESO ADICIONAL DE MATERIA--TÉRMINO DE MATERIA
Término de materia o nombre geográfico como elemento de entrada Anatomía humana-
Subdivisión de forma Atlas.
9 (RLIN) 9802
700 1# - ENTRADA AGREGADA--NOMBRE PERSONAL
Nombre de persona Llovet, José María.
9 (RLIN) 72945
852 4# - LOCALIZACIÓN
Ubicación ES-MaACL
Número de control de estantería F-8700
Nota libre - Enc. espiral
Holdings
Estatus retirado Estado de pérdida Estado de daño No para préstamo Biblioteca de origen Biblioteca actual Ubicación en estantería Fecha de adquisición Fuente de adquisición Total de préstamos Signatura topográfica completa Código de barras Visto por última vez Precio de reemplazo Tipo de ítem Koha
        Biblioteca del Ateneo de Madrid Biblioteca del Ateneo de Madrid Sala Pecera Planta 2 17/01/2008     F-8700 1113875 23/02/2023 23/02/2023 Libro impreso